[Event "38th Olympiad w"]
[Site "Dresden GER"]
[Date "2008.11.14"]
[Round "2"]
[White "Hagesaether,E"]
[Black "Lang,Hea"]
[Result "1-0"]
[WhiteElo "2239"]
[BlackElo "2063"]

1.e4 e5 2.Nf3 Nc6 3.Bb5 a6 4.Ba4 Nf6 5.O-O b5 6.Bb3 Bb7 7.d3 Bc5 8.Nc3 d6
9.a4 b4 10.Ne2 O-O 11.Ng3 d5 12.exd5 Nxd5 13.Ng5 Nd4 14.Bc4 h6 15.N5e4 Ba7
16.c3 bxc3 17.bxc3 Ne6 18.Qg4 Ndf4 19.Bxf4 exf4 20.Nf5 Bxe4 21.Nxh6+ Kh7
22.Nxf7 Qf6 23.Bxe6 Rxf7 24.Bxf7 Qxf7 25.dxe4 Re8 26.Rfe1 g6 27.Rad1 Re7
28.e5 Qc4 29.Qh4+ Kg8 30.Rd8+ Kf7 31.Qf6+  1-0

[Event "38th Olympiad"]
[Site "Dresden GER"]
[Date "2008.11.16"]
[Round "4"]
[White "Chandler,M"]
[Black "Pavasovic,D"]
[Result "0-1"]
[WhiteElo "2515"]
[BlackElo "2597"]

1.e4 e5 2.Nf3 Nc6 3.Bb5 a6 4.Ba4 Nf6 5.O-O b5 6.Bb3 Bb7 7.d3 Be7 8.Re1 O-O
9.a4 d6 10.Nbd2 Re8 11.c3 h6 12.Ba2 Qd7 13.Nf1 Bf8 14.Ne3 Ne7 15.h3 Ng6 16.Nh2 d5
17.Nhg4 Nxg4 18.Qxg4 Qxg4 19.Nxg4 dxe4 20.dxe4 h5 21.Ne3 Nf4 22.Nd5 Nxd5
23.Bxd5 Bxd5 24.exd5 Bd6 25.Be3 f5 26.f3 Kf7 27.b3 Kf6 28.c4 bxc4 29.bxc4 Bb4
30.Red1 a5 31.Rac1 f4 32.Bf2 e4 33.fxe4 Rxe4 34.c5 Rd8 35.d6 cxd6 36.Rd5 Ke6
37.Rcd1 Rc4 38.Rxd6+ Rxd6 39.Rxd6+ Ke5 40.Rg6 Rc1+ 41.Kh2 Bd2 42.Rxg7 Be3
43.Re7+ Kd4 44.Bxe3+ fxe3 45.Kg3 Kd3 46.Rd7+ Ke2 47.Rd5 h4+ 48.Kxh4 Kf2 49.Rf5+ Kxg2
50.Re5 Kf3 51.Kg5 e2 52.Rf5+  0-1

[Event "38th Olympiad w"]
[Site "Dresden GER"]
[Date "2008.11.20"]
[Round "7"]
[White "Madl,I"]
[Black "Nyamtuya,O"]
[Result "1-0"]
[WhiteElo "2376"]
[BlackElo "1958"]

1.e4 e5 2.Nf3 Nc6 3.Bb5 a6 4.Ba4 Nf6 5.O-O b5 6.Bb3 Bb7 7.d3 Bc5 8.Nc3 d6
9.a4 b4 10.Nd5 Na5 11.Nxf6+ Qxf6 12.Ba2 h6 13.c3 bxc3 14.bxc3 O-O 15.Be3 Ba7
16.Qc2 c5 17.Nd2 g5 18.Nc4 Qd8 19.Qe2 Kg7 20.h4 Nxc4 21.Bxc4 f5 22.exf5 d5
23.Rab1 Rb8 24.Qf3 e4 25.dxe4 dxc4 26.hxg5 Qe8 27.Qg3 h5 28.f3 Bc6 29.Qd6 Rxb1
30.Rxb1 Kg8 31.Bxc5 Bxc5+ 32.Qxc5 Bxa4 33.Qxc4+ Kh8 34.Rb7 Qd8 35.g6 Rg8
36.Rh7+  1-0

[Event "38th Olympiad"]
[Site "Dresden GER"]
[Date "2008.11.22"]
[Round "9"]
[White "Yu,Ma"]
[Black "Chan Wei Xuan,T"]
[Result "1/2-1/2"]
[WhiteElo "2006"]
[BlackElo "2264"]

1.e4 e5 2.Nf3 Nc6 3.Bb5 a6 4.Ba4 Nf6 5.O-O b5 6.Bb3 Bb7 7.Re1 Bc5 8.c3 d6
9.d4 Bb6 10.Bc2 h6 11.h3 O-O 12.Be3 exd4 13.cxd4 Nb4 14.Nbd2 Nxc2 15.Qxc2 d5
16.e5 Ne4 17.b4 f6 18.exf6 Qxf6 19.Red1 Qd6 20.a3 a5 21.Qb3 Kh8 22.Ne5 Nxd2
23.Rxd2 axb4 24.Qb1 Kg8 25.axb4 Rxa1 26.Qxa1 Qxb4 27.Qb2 Qa5 28.Nd7 Rd8 29.Nxb6 Qxb6
30.Qb4 Bc8 31.Rb2 c6 32.Bf4 Qb7 33.Re2 Qf7 34.Bg3 Re8 35.Rxe8+ Qxe8 36.Kh2 Bf5
37.Qd6 Kh7 38.Qf4 Qg6 39.Qd6 Qe8 40.Qf4 Bb1 41.Qd6 Bd3 42.Be5 Bf1 43.Kg1 Be2
44.Kh2 Bd3 45.Kg1 Be4 46.Kh2 h5 47.Bg3 Bd3 48.Be5 Bc2 49.Qc7 Qg6 50.Qd6 Bd3
51.Qxg6+ Kxg6 52.Bd6 Kf5 53.f3 g5 54.Kg3 Be2 55.Kf2 Bd1 56.Bc5 g4 57.hxg4+ hxg4
58.Bd6 Bc2 59.Bc5 Kf4 60.Bd6+ Kf5 61.Bc5 Kg5 62.Be7+ Kh5 63.Bd6 Kg5 64.Be7+ Kf5
65.Bd6 Ke6 66.Bc5  1/2-1/2

[Event "sub-zt 2.3.4 Absoluto"]
[Site "San Andres COL"]
[Date "2008.11.28"]
[Round "6"]
[White "Sanchez,V"]
[Black "Vittorino,C"]
[Result "1-0"]
[WhiteElo "2170"]
[BlackElo "2343"]

1.e4 e5 2.Nf3 Nc6 3.Bb5 a6 4.Ba4 Nf6 5.O-O b5 6.Bb3 Bb7 7.d4 exd4 8.e5 Ne4
9.Bd5 Nc5 10.Nxd4 Nxd4 11.Bxb7 Nxb7 12.Qxd4 Be7 13.a4 b4 14.c3 bxc3 15.Nxc3 O-O
16.Be3 d6 17.Qe4 Qb8 18.Nd5 Re8 19.e6 fxe6 20.Qxe6+ Kf8 21.Rac1 Bd8 22.Qf5+ Kg8
23.Qd7 Rf8 24.Nxc7 Nc5 25.Rxc5 dxc5 26.Nxa8  1-0

[Event "TCh-HUN 2008-9"]
[Site "Budapest HUN"]
[Date "2008.11.30"]
[Round "3"]
[White "Parkanyi,A"]
[Black "Lenic,L"]
[Result "0-1"]
[WhiteElo "2361"]
[BlackElo "2569"]

1.e4 e5 2.Nf3 Nc6 3.Bb5 a6 4.Ba4 Nf6 5.O-O b5 6.Bb3 Bb7 7.d3 Be7 8.c3 O-O
9.a4 h6 10.Nbd2 Re8 11.Re1 Bf8 12.axb5 axb5 13.Rxa8 Qxa8 14.Nf1 Na5 15.Bc2 c5
16.Ng3 d5 17.b3 Nc6 18.Bd2 d4 19.c4 Qa6 20.Nh4 Nb4 21.Nhf5 Kh7 22.Bxb4 cxb4
23.cxb5 Qxb5 24.Nf1 g6 25.N5g3 Qc6 26.Nd2 Nd7 27.Nc4 Ra8 28.Rf1 Ba6 29.Qg4 Bxc4
30.dxc4 Qe6 31.Qf3 Nc5 32.h4 h5 33.Bd1 Ra2 34.Ne2 Bh6 35.Kh1 Kg7 36.Re1 d3
37.Ng3 Qe7  0-1

[Event "TCh-HUN 2008-9"]
[Site "Zalaegerszeg HUN"]
[Date "2008.11.30"]
[Round "3"]
[White "Konnyu,J"]
[Black "Pavasovic,D"]
[Result "1-0"]
[WhiteElo "2316"]
[BlackElo "2597"]

1.e4 e5 2.Nf3 Nc6 3.Bb5 a6 4.Ba4 Nf6 5.O-O b5 6.Bb3 Bb7 7.d3 Be7 8.Nc3 O-O
9.a3 d6 10.Re1 Nb8 11.Ne2 Nbd7 12.Ng3 Nc5 13.Ba2 Ne6 14.Nf5 Re8 15.Ng5 Bf8
16.Qf3 h6 17.Nxe6 fxe6 18.Qg3 Kh7 19.Nh4 Ng8 20.Re3 g5 21.Nf3 Qf6 22.h4 Qf4
23.hxg5 Qxg3 24.fxg3 d5 25.exd5 exd5 26.Rxe5 Bc5+ 27.Kh2 Rxe5 28.Nxe5 hxg5
29.Nf3 Nf6 30.d4 Ng4+ 31.Kg1 Bd6 32.Nxg5+ Kg6 33.Bf4 Bxf4 34.gxf4 Re8 35.Nf3 Kf5
36.Ne5 Ne3 37.Kf2 Kxf4 38.Re1 Ng4+ 39.Nxg4 Rxe1 40.Kxe1 Kxg4 41.Kf2 c6 42.c3 Bc8
43.Bb3 Bf5 44.Bd1+ Kg5 45.Kg3 Bd7 46.Bc2 Be6 47.a4 Bd7 48.a5 Be6 49.Bd3 Bg4
50.Kf2 Bd7 51.Be2 Kf4 52.Bf3 Bf5 53.g3+ Kg5 54.Ke3 Bd7 55.b3 Be8 56.Kd2 Bd7
57.c4 bxc4 58.bxc4 Bg4 59.Bg2 dxc4 60.Bxc6  1-0

[Event "III Open"]
[Site "Palma de Mallorca ESP"]
[Date "2008.12.08"]
[Round "3"]
[White "Cabrera,Ale"]
[Black "Rodriguez Lopez,Ra"]
[Result "1-0"]
[WhiteElo "2507"]
[BlackElo "2335"]

1.e4 e5 2.Nf3 Nc6 3.Bb5 a6 4.Ba4 Nf6 5.O-O b5 6.Bb3 Bb7 7.d3 Be7 8.a4 O-O
9.Nc3 Na5 10.Ba2 b4 11.Ne2 d5 12.Nxe5 dxe4 13.d4 c5 14.c3 cxd4 15.cxb4 Bd5
16.bxa5  1-0

[Event "III Open"]
[Site "Palma de Mallorca ESP"]
[Date "2008.12.10"]
[Round "5"]
[White "Durarbeyli,V"]
[Black "Rodriguez Lopez,Ra"]
[Result "1-0"]
[WhiteElo "2434"]
[BlackElo "2335"]

1.e4 e5 2.Nf3 Nc6 3.Bb5 a6 4.Ba4 Nf6 5.O-O b5 6.Bb3 Bb7 7.c3 Nxe4 8.d4 d5
9.dxe5 Na5 10.Bc2 g6 11.Nbd2 Bg7 12.Re1 O-O 13.h4 Re8 14.a4 Nxd2 15.Bxd2 Nc4
16.Bg5 Qd7 17.Qd4 Nxb2 18.Bf6 Bxf6 19.exf6 Nxa4 20.h5 Rxe1+ 21.Rxe1 Re8 22.Rxe8+ Qxe8
23.hxg6 hxg6 24.Bxg6 Nb6 25.Bh7+ Kh8 26.Qh4  1-0

[Event "TCh-SLO"]
[Site "Murska Sobota SLO"]
[Date "2008.12.11"]
[Round "6"]
[White "Grosar,A"]
[Black "Mihalcisin,A"]
[Result "1/2-1/2"]
[WhiteElo "2417"]
[BlackElo "2522"]

1.e4 e5 2.Nf3 Nc6 3.Bb5 a6 4.Ba4 Nf6 5.O-O b5 6.Bb3 Bb7 7.d3 Be7 8.Nc3 O-O
9.Nd5 Na5 10.Nxe7+ Qxe7 11.Bg5 h6 12.Bxf6 Qxf6 13.Re1 d6 14.Qd2 Nxb3 15.axb3 c5
16.b4 Rac8 17.Re2 Rfe8 18.b3 g5  1/2-1/2

[Event "III Open"]
[Site "Palma de Mallorca ESP"]
[Date "2008.12.13"]
[Round "8"]
[White "Navarro Lopez Menchero,D"]
[Black "Rodriguez Lopez,Ra"]
[Result "1-0"]
[WhiteElo "2076"]
[BlackElo "2335"]

1.e4 e5 2.Nf3 Nc6 3.Bb5 a6 4.Ba4 Nf6 5.O-O b5 6.Bb3 Bb7 7.d3 Be7 8.Re1 O-O
9.a4 d6 10.Nbd2 h6 11.Nf1 Re8 12.Ne3 Bf8 13.Bd2 Nb8 14.c3 Nbd7 15.Nd5 c6
16.Nxf6+ Nxf6 17.c4 bxc4 18.Bxc4 d5 19.Bb3 Bd6 20.Bc3 Nd7 21.d4 exd4 22.Qxd4 Ne5
23.exd5 Nxf3+ 24.gxf3 Qg5+ 25.Kh1 c5 26.Qg4 Rxe1+ 27.Rxe1 Rd8 28.Qxg5 hxg5
29.Bc4 Bf4 30.Ba5 Rb8 31.Kg2 Kf8 32.b4 Bd6 33.bxc5 Bxc5 34.Bc7 Re8 35.Rb1 Bc8
36.d6 Bd7 37.Bxa6 Bxa4 38.Bb5 Bxb5 39.Rxb5  1-0

[Event "8th Amplico AIG Life Rapid"]
[Site "Warsaw POL"]
[Date "2008.12.21"]
[Round "11"]
[White "Berg,E"]
[Black "Lenic,L"]
[Result "0-1"]
[WhiteElo "2623"]
[BlackElo "2569"]

1.e4 e5 2.Nf3 Nc6 3.Bb5 a6 4.Ba4 Nf6 5.O-O b5 6.Bb3 Bb7 7.Re1 Bc5 8.c3 d6
9.a4 h6 10.d3 Bb6 11.Nbd2 Ng4 12.Re2 Ne7 13.Nf1 Ng6 14.h3 Nf6 15.Ng3 O-O
16.Re1 Qd7 17.Nh2 d5 18.Qf3 Nh4 19.Qe2 Ng6 20.Qf3 Nh4 21.Qe2 Ng6 22.Nh5 Nxh5
23.Qxh5 c5 24.exd5 Bxd5 25.Bxd5 Qxd5 26.Ng4 Rae8 27.axb5 axb5 28.Bxh6 Re6
29.Ne3 Qd8 30.Bg5 Qxd3 31.Rad1 Qe4 32.Nd5 Qf5 33.Qg4 Qxg4 34.hxg4 c4 35.Ra1 f6
36.Nxb6 Rxb6 37.Be3 Rb7 38.Red1 Rc8 39.Ra6 Nf4 40.Bxf4 exf4 41.Rd4 Re8 42.Rxf4 Re2
43.Ra2 Kf7 44.g5 b4 45.Rxc4 b3 46.Raa4 Rxb2 47.Rab4 Rxb4 48.Rxb4 fxg5 49.Rb6 g6
50.Kh2 Kg7 51.Kg3 Kh6 52.Rb7 Rb1 53.Kg4 b2 54.f3  0-1

[Event "Open A"]
[Site "Gjovik NOR"]
[Date "2008.12.30"]
[Round "2"]
[White "De Firmian,N"]
[Black "Prakken,G"]
[Result "1-0"]
[WhiteElo "2545"]
[BlackElo "2206"]

1.e4 e5 2.Nf3 Nc6 3.Bb5 a6 4.Ba4 Nf6 5.O-O b5 6.Bb3 Bb7 7.d3 Be7 8.Nc3 d6
9.a3 O-O 10.h3 Na5 11.Ba2 c5 12.Bg5 Nd7 13.Bd2 Nb6 14.b4 Nc6 15.Nd5 Nd4 16.Nxe7+ Qxe7
17.Be3 Na4 18.bxc5 dxc5 19.Nxd4 cxd4 20.Bd2 Nc3 21.Bxc3 dxc3 22.f4 exf4 23.Rxf4 Kh8
24.Qh5 g6 25.Qh6 f6 26.Raf1 Rae8 27.Bb3 Qg7 28.Qxg7+ Kxg7 29.Kf2 Re5 30.Ke3 Rg5
31.g4 h5 32.Kd4 hxg4 33.h4 Re5 34.Rxg4 Bc8 35.Rgf4 Be6 36.Bxe6 Rxe6 37.Kxc3 Rc8+
38.Kb2 Rec6 39.R1f2 a5 40.Rg2 Kh6 41.Rfg4 Rg8 42.R4g3 Kh5 43.e5 fxe5 44.Rg5+ Kxh4
45.Rxe5 b4 46.axb4 axb4 47.Re7 Kh3 48.Rg1 Kh2 49.Rg5 Rh8 50.Re4 Kh3 51.Rxb4 Rh4
52.Rb8 Rg4 53.Rxg4 Kxg4 54.c4 Kf4 55.Kc3 g5 56.Rf8+ Ke3 57.Rg8 Kf4 58.d4 g4
59.d5  1-0

[Event "Australian Open"]
[Site "Manly Sydney AUS"]
[Date "2009.01.02"]
[Round "1"]
[White "Jakirlic,N"]
[Black "Glissan,P"]
[Result "1/2-1/2"]
[WhiteElo "2162"]
[BlackElo "1767"]

1.e4 e5 2.Nf3 Nc6 3.Bb5 a6 4.Ba4 Nf6 5.O-O b5 6.Bb3 Bb7 7.Re1 Bc5 8.c3 d6
9.d4 Bb6 10.a4 h6 11.axb5 axb5 12.Rxa8 Qxa8 13.Na3 Na5 14.dxe5 Ng4 15.Nd4 Nxf2
16.Kxf2 dxe5 17.Qh5 Nxb3 18.Qxe5+ Kf8 19.Nxb5 Nxc1 20.Rxc1 Qd8 21.Rd1 Qh4+
22.g3 Qxe4 23.Qxe4 Bxe4 24.Re1 Bb7 25.Kf1 g6 26.b4 Kg7 27.Ra1 Ra8 28.Rxa8 Bxa8
29.c4 c5 30.bxc5 Bxc5 31.Nb3 Be3 32.Ke2 Bg1 33.h4 f5 34.Nc7 Bc6 35.Nd4 Bd7
36.Nf3 Bb6 37.Nd5 Bc5 38.Ne5 Bc8 39.Nd3 Bd6 40.Kf2 Bb7 41.Nc3 Kf7 42.c5 Bb8
43.Ne2 Be4 44.Ke3 Ba7 45.Nec1 Ke7 46.Kd4 g5 47.hxg5 hxg5  1/2-1/2

[Event "38th Rilton Cup 2008-9"]
[Site "Stockholm SWE"]
[Date "2009.01.04"]
[Round "8"]
[White "Grandelius,N"]
[Black "Furhoff,J"]
[Result "1-0"]
[WhiteElo "2464"]
[BlackElo "2405"]

1.e4 e5 2.Nf3 Nc6 3.Bb5 a6 4.Ba4 Nf6 5.O-O b5 6.Bb3 Bb7 7.c3 Nxe4 8.d4 exd4
9.Re1 d5 10.Ng5 Na5 11.Rxe4+ dxe4 12.Bxf7+ Ke7 13.Qg4 Qd7 14.Be6 Qc6 15.Bf4 e3
16.fxe3 h6 17.e4 d3 18.Qf5 Nc4 19.Nd2 Nd6 20.Bxd6+ Qxd6 21.e5 Qc6 22.Qf7+ Kd8
23.Ngf3 Bc5+ 24.Kh1 Rf8 25.Qg6 Ke7 26.Qxg7+ Kxe6 27.Rf1 Rxf3 28.Qg4+ Ke7
29.Qg7+ Ke8 30.Rxf3 Qe6 31.Rf6 Qe7 32.Qg6+ Kd8 33.b4 Qxe5 34.Re6 Bxg2+ 35.Kxg2 Qd5+
36.Kh3 Be7 37.Qg8+  1-0

[Event "14th Open"]
[Site "Bosnjaci CRO"]
[Date "2009.01.05"]
[Round "4"]
[White "Cencic,J"]
[Black "Ivekovic,Bo2"]
[Result "1-0"]
[WhiteElo "2019"]
[BlackElo "1940"]

1.e4 e5 2.Nf3 Nc6 3.Bb5 a6 4.Ba4 Nf6 5.O-O b5 6.Bb3 Bb7 7.Re1 Bc5 8.c3 d6
9.a3 h6 10.h3 Bb6 11.d3 O-O 12.Nbd2 Ne7 13.Nf1 Ng6 14.Ng3 Re8 15.Bc2 d5 16.d4 exd4
17.e5 Ne4 18.cxd4 c5 19.Be3 Qc7 20.Rc1 Nxg3 21.fxg3 c4 22.h4 Bc8 23.h5 Ne7
24.Nh4 Qd7 25.Bb1 Qg4 26.Qc2 Nc6 27.Rf1 Qe4 28.Qf2  1-0

[Event "Open A"]
[Site "Gjovik NOR"]
[Date "2009.01.05"]
[Round "7"]
[White "Tofte,S"]
[Black "Prakken,G"]
[Result "1/2-1/2"]
[WhiteElo "2120"]
[BlackElo "2206"]

1.e4 e5 2.Nf3 Nc6 3.Bb5 a6 4.Ba4 Nf6 5.O-O b5 6.Bb3 Bb7 7.Re1 Bc5 8.c3 d6
9.d4 Bb6 10.a4 h6 11.h3 O-O 12.Be3 exd4 13.cxd4 Na5 14.d5 Bxe3 15.Rxe3 Re8
16.Nbd2 Nxb3 17.Qxb3 c6 18.dxc6 Bxc6 19.axb5 axb5 20.Rae1 Ra4 21.Qc3 Qb6
22.b3 Ra2 23.Nd4 Bd7 24.Nf5 Bxf5 25.exf5 Rxe3 26.Rxe3 Qc5 27.Qxc5 dxc5 28.Rd3 Kf8
29.f3 Ke7 30.Kf2 c4 31.bxc4 bxc4 32.Re3+ Kd6 33.Ke1 Kd5 34.Re7 Kd4 35.g4 c3
36.Nb3+ Kc4 37.Nc1 Ra1 38.Kd1 Nd5 39.Rxf7 Nb4 40.Rxg7 Na2 41.Rc7+ Kd4 42.Kc2 Nxc1
43.f6 Ne2 44.f7 Rc1+ 45.Kb3 Rb1+ 46.Kc2 Rc1+ 47.Kb3 Rb1+  1/2-1/2

[Event "ch-PriFO"]
[Site "Kazan RUS"]
[Date "2009.01.21"]
[Round "1"]
[White "Sadykov,Ra"]
[Black "Lushenkov,M"]
[Result "0-1"]
[WhiteElo "2143"]
[BlackElo "2462"]

1.e4 e5 2.Nf3 Nc6 3.Bb5 a6 4.Ba4 Nf6 5.O-O b5 6.Bb3 Bb7 7.Re1 Bc5 8.c3 d6
9.d4 Bb6 10.Bg5 h6 11.Bh4 g5 12.Bg3 O-O 13.h4 g4 14.Nh2 h5 15.d5 Ne7 16.Qd2 Kg7
17.Qg5+ Ng6 18.Na3 Bc8 19.Bc2 Nxe4 20.Bxe4 f5 21.Qxh5 fxe4 22.Qg5 Qxg5 23.hxg5 Nf4
24.Rxe4 Nh5 25.Kh1 Nxg3+ 26.fxg3 Bf5 27.Re2 Rh8  0-1

[Event "ch-PriFO"]
[Site "Kazan RUS"]
[Date "2009.01.29"]
[Round "9"]
[White "Aldokhin,I"]
[Black "Lushenkov,M"]
[Result "0-1"]
[WhiteElo "2251"]
[BlackElo "2462"]

1.e4 e5 2.Nf3 Nc6 3.Bb5 a6 4.Ba4 Nf6 5.O-O b5 6.Bb3 Bb7 7.Re1 Bc5 8.c3 d6
9.d4 Bb6 10.Be3 O-O 11.Nbd2 h6 12.h3 exd4 13.cxd4 Nb4 14.Qb1 c5 15.a3 Nc6
16.d5 Ne7 17.Bc2 Nd7 18.g4 Ng6 19.Nf1 Qf6 20.Qd1 Nf4 21.Kh2 Ne5 22.Nxe5 dxe5
23.Ng3 Qh4 24.Qf3 Qxh3+ 25.Kg1 Ng6 26.b4 Rfc8 27.Bd1 Nh4 28.Qh1 Qxh1+ 29.Kxh1 Ba7
30.Be2 c4 31.Bxa7 Rxa7 32.a4 Raa8 33.Ra3 a5 34.Rb1 axb4 35.Rxb4 c3 36.Ra1 Rxa4
37.Raxa4 bxa4 38.Bb5 c2 39.Ne2 a3 40.Nc1 Rc3 41.Bd3 Nf3  0-1

[Event "Open A"]
[Site "Moscow RUS"]
[Date "2009.02.06"]
[Round "7"]
[White "Iordachescu,V"]
[Black "Riazantsev,A"]
[Result "1-0"]
[WhiteElo "2584"]
[BlackElo "2634"]

1.e4 e5 2.Nf3 Nc6 3.Bb5 a6 4.Ba4 Nf6 5.O-O b5 6.Bb3 Bb7 7.d3 Bc5 8.a4 d6
9.Nc3 b4 10.Ne2 O-O 11.Ng3 Bc8 12.Bg5 Rb8 13.Bd5 Ne7 14.d4 Ba7 15.Bb3 Ng6
16.dxe5 dxe5 17.Qxd8 Rxd8 18.Nh5 Rd6 19.Bxf6 gxf6 20.Rad1 Bd4 21.Nxd4 exd4
22.h3 Bb7 23.f4 Bxe4 24.f5 Ne5 25.Rf4 Ba8 26.Rfxd4 Rxd4 27.Rxd4 c5 28.Rd6 c4
29.Ba2 Kf8 30.Rxa6 Be4 31.Nxf6 Bxf5 32.Ra5 Ke7 33.Ng4 Nxg4 34.Rxf5 b3 35.cxb3 cxb3
36.Bb1 Nf6 37.Rb5 Rxb5 38.axb5 Kd6 39.Bd3 Kc5 40.b6 Kxb6 41.Bc4 Nd7 42.Bxb3 Ne5
43.Kf2 Kc5 44.Ke3 f6 45.Ke4 Nc6 46.Bg8 h6 47.Kf5 Ne7+ 48.Kxf6 Nxg8+ 49.Kf7  1-0

[Event "81st ch-StP"]
[Site "St Petersburg RUS"]
[Date "2009.02.17"]
[Round "1"]
[White "Solovjov,S"]
[Black "Matlakov,M"]
[Result "1/2-1/2"]
[WhiteElo "2410"]
[BlackElo "2487"]

1.e4 e5 2.Nf3 Nc6 3.Bb5 a6 4.Ba4 Nf6 5.O-O b5 6.Bb3 Bb7 7.Re1 Bc5 8.c3 d6
9.d4 Bb6 10.Bg5 h6 11.Bh4 O-O 12.Qd3 Re8 13.Nbd2 Na5 14.Bc2 c5 15.d5 c4 16.Qe2 Kh8
17.Nf1 Bc8 18.Ne3 g5 19.Bg3 Nh5 20.Nxe5 Nxg3 21.Nxf7+ Kg7 22.fxg3 Qe7 23.Rf1 Rf8
24.e5 Rxf7 25.Rxf7+ Qxf7 26.Rf1 Bxe3+ 27.Kh1 Qe8 28.Qxe3 Qxe5 29.Qf3 Bf5
30.Bxf5 Rf8 31.g4 Nb7 32.Qd1 Nc5 33.Re1 Qf6 34.h3 Rf7 35.Qe2 Rf8 36.Kg1 Qe5
37.Qxe5+ dxe5 38.Rxe5 Kf6 39.Re3 Rd8 40.Be6 Rd6 41.Rf3+ Kg6 42.Re3 Kf6 43.Rf3+ Kg6
44.Re3  1/2-1/2

[Event "10th EICC"]
[Site "Budva MNE"]
[Date "2009.03.12"]
[Round "7"]
[White "Jobava,Ba"]
[Black "Fedorchuk,S"]
[Result "1-0"]
[WhiteElo "2669"]
[BlackElo "2633"]

1.e4 e5 2.Nf3 Nc6 3.Bb5 a6 4.Ba4 Nf6 5.O-O b5 6.Bb3 Bb7 7.Re1 Bc5 8.c3 d6
9.d4 Bb6 10.Be3 h6 11.d5 Ne7 12.c4 Ba5 13.Bd2 Bb6 14.Be3 Ba5 15.Nfd2 c6 16.Nc3 O-O
17.dxc6 Bxc6 18.Rc1 Ng6 19.f3 Rc8 20.Nf1 Bb7 21.cxb5 axb5 22.Re2 Nf4 23.Rd2 d5
24.exd5 Bb6 25.Kh1 b4 26.Na4 Rxc1 27.Qxc1 Bxe3 28.Nxe3 Qa8 29.Nb6 Qa7 30.Qc7 Rc8
31.Qd6 Bxd5 32.Nexd5 Rc1+ 33.Bd1 Qa6 34.Ne3 N6d5 35.Qd8+ Kh7 36.Nbxd5 Nd3
37.Rxd3  1-0

[Event "10th EICC w"]
[Site "St Petersburg RUS"]
[Date "2009.03.14"]
[Round "7"]
[White "Calzetta,M"]
[Black "Huda,Mary"]
[Result "1-0"]
[WhiteElo "2371"]
[BlackElo "2240"]

1.e4 e5 2.Nf3 Nc6 3.Bb5 a6 4.Ba4 Nf6 5.O-O b5 6.Bb3 Bb7 7.d3 Be7 8.a4 O-O
9.Re1 d6 10.Nc3 Na5 11.Ba2 b4 12.Ne2 c5 13.Ng3 h6 14.Nf5 Rb8 15.Bxh6 gxh6
16.Nxh6+ Kg7 17.Nf5+ Kh7 18.Ng5+ Kg6 19.Re3 Nh5 20.Rh3 Bxg5 21.Qxh5+ Kf6
22.Rg3 b3 23.Qxg5+ Ke6 24.cxb3 Qxg5 25.Rxg5 Kd7 26.b4 cxb4 27.Rd1 Bc6 28.b3 Ke6
29.h4 Rbc8 30.f3 d5 31.d4 f6 32.Rg7 dxe4 33.g4 Rfe8 34.d5+ Bxd5 35.fxe4 Rcd8
36.exd5+ Rxd5 37.Rxd5 Kxd5 38.Bb1 e4 39.h5 e3 40.Re7 Rxe7 41.Nxe7+ Ke6 42.h6 Kf7
43.Bg6+ Kf8 44.h7 Kg7 45.Nf5+  1-0

[Event "10th Dos Hermanas Internet"]
[Site "ICC INT"]
[Date "2009.03.21"]
[Round "4.1"]
[White "Kononenko,Dmitry1"]
[Black "Sammour Hasbun,J"]
[Result "1/2-1/2"]
[WhiteElo "2574"]
[BlackElo "2460"]

1.e4 e5 2.Nf3 Nc6 3.Bb5 a6 4.Ba4 Nf6 5.O-O b5 6.Bb3 Bb7 7.d3 Be7 8.Nc3 d6
9.a4 b4 10.Nd5 Na5 11.Ba2 b3 12.Nxf6+ Bxf6 13.cxb3 c5 14.b4 cxb4 15.Bd2 Qb6
16.Be3 Qd8 17.Rc1 O-O 18.Nd2 Rc8 19.Qg4 Bc6 20.Nc4 b3 21.Bb1 Nxc4 22.Rxc4 d5
23.exd5 Bxd5 24.Rcc1 Be6 25.Qe4 g6 26.Rxc8 Qxc8 27.Rc1 Qd7 28.h3 Rc8 29.Rxc8+ Qxc8
30.Bh6 Qd7 31.Qa8+ Qd8 32.Qxa6 Bg5 33.Bxg5 Qxg5 34.Qa8+ Kg7 35.Qc6 Qd2 36.Qc3 Qd1+
37.Kh2 f6 38.Qc6 Bf7 39.a5 Qxb1 40.a6 Qc2 41.Qb7 Qxf2 42.a7 Qf4+ 43.Kh1 Qf1+
44.Kh2 Qf4+ 45.Kh1  1/2-1/2

[Event "3rd Georgi Agzamov Mem"]
[Site "Tashkent AZE"]
[Date "2009.03.21"]
[Round "6"]
[White "Amonatov,F"]
[Black "Potapov,Alexa1"]
[Result "1/2-1/2"]
[WhiteElo "2647"]
[BlackElo "2456"]

1.e4 e5 2.Nf3 Nc6 3.Bb5 a6 4.Ba4 Nf6 5.O-O b5 6.Bb3 Bb7 7.d3 Be7 8.a4 O-O
9.Nc3 b4 10.Nd5 Na5 11.Nxf6+ Bxf6 12.Ba2 d5 13.Qe2 c5 14.h3 Rc8 15.Bd2 Re8
16.Rfd1 dxe4 17.dxe4 Qb6 18.Nh2 c4 19.Ng4 Bd8 20.Qe1 h5 21.Ne3 Be7 22.f3 Red8
23.Kh1 g6 24.Qe2 Qe6 25.Be1 Rd4 26.Rac1 Bf8 27.c3 Rxd1 28.Rxd1 b3 29.Bb1 Bc6
30.Nd5 Bxa4 31.f4 exf4 32.Nxf4 Qe5 33.Bg3 Qg5 34.Qf2 Bc5 35.Qf3 h4 36.Bh2 Nc6
37.Nd5 Ne5 38.Qf6 Nd3 39.Bxd3 Qxf6 40.Nxf6+ Kg7 41.Bxc4 Kxf6 42.Rf1+ Ke7
43.Rxf7+ Ke8 44.Rh7 Rc6 45.Rxh4 Be3 46.e5 Bc1 47.Bd5 Rc5 48.Be4 Kf7 49.Rh7+ Kg8
50.Ra7 Bxb2 51.Rxa6 Be8 52.Ra8 Kf7 53.Ra7+ Kg8 54.Ra8 Kf7 55.Ra7+ Kg8 56.e6 Rxc3
57.Bd6 Rc8 58.Rb7 Rd8 59.Bc7 Rd1+ 60.Kh2 Rd4 61.Bf3 Ba3 62.Rxb3 Bd6+ 63.Bxd6 Rxd6
64.Bg4 Kg7 65.Kg3 Kf6 66.Rb7 g5 67.Rc7 Rd2 68.Rc8 Ke7 69.Rc5 Rd3+ 70.Kf2 Rd2+
71.Kg3 Rd3+ 72.Kh2 Rd2 73.Rxg5 Bc6 74.Bh5 Rxg2+ 75.Rxg2 Bxg2  1/2-1/2

[Event "Open"]
[Site "Reykjavik ISL"]
[Date "2009.03.25"]
[Round "2"]
[White "Meszaros,Mi"]
[Black "Stefansson,H"]
[Result "1/2-1/2"]
[WhiteElo "2376"]
[BlackElo "2563"]

1.e4 e5 2.Nf3 Nc6 3.Bb5 a6 4.Ba4 Nf6 5.O-O b5 6.Bb3 Bb7 7.d3 Be7 8.Nc3 O-O
9.a4 b4 10.Ne2 d5 11.Ng3 dxe4 12.dxe4 Qxd1 13.Rxd1 Bc5 14.Bg5 Ng4 15.Rf1 h6
16.Bd2 Rad8 17.h3 Nf6 18.a5 Rfe8 19.Rfe1 Na7 20.Be3 Bxe3 21.Rxe3 c5 22.c3 Nc6
23.Bc4 Rb8 24.Nd2 bxc3 25.bxc3 Na7 26.Nb3 Rec8 27.Nf5 Rc7 28.Nd6 Ba8 29.Nxf7 Rxf7
30.Nxc5 Rc8 31.Bxf7+ Kxf7 32.Nxa6 Nxe4 33.Rae1 Nxc3 34.Rxe5 Nd5 35.Rb1 Rc4
36.Rd1 Ra4 37.Rexd5 Bxd5 38.Rxd5 Nc6 39.Rd7+ Kg8 40.Nc5 Rxa5 41.Ne6 Ra7 42.Rd6 Ne7
43.g4 Kf7 44.Nd8+ Ke8 45.Ne6 Kf7 46.Nf4 Ra4 47.Nh5 Re4 48.Kg2 Re5 49.Nf4 g5
50.Nh5 Re6 51.Rxe6 Kxe6 52.Kf3 Ke5 53.Ng3 Nd5 54.Nf5 Nf4 55.h4 gxh4 56.Nxh4 h5
57.g5 Ne6 58.g6 Kf6 59.Kg3 Nf8  1/2-1/2

[Event "TCh-AUT 2nd Bundesliga Mitte 2008-9"]
[Site "Austria AUT"]
[Date "2009.03.29"]
[Round "11"]
[White "Diermair,A"]
[Black "Lenic,L"]
[Result "0-1"]
[WhiteElo "2365"]
[BlackElo "2569"]

1.e4 e5 2.Nf3 Nc6 3.Bb5 a6 4.Ba4 Nf6 5.O-O b5 6.Bb3 Bb7 7.c3 Nxe4 8.d4 exd4
9.Re1 d5 10.Ng5 Qd7 11.f3 h6 12.fxe4 hxg5 13.exd5+ Ne7 14.Bxg5 O-O-O 15.Qxd4 f6
16.Bf4 Nxd5 17.Bg3 Qc6 18.Qg4+ Kb8 19.Re6 Bc5+ 20.Kh1 Qd7 21.Qe2 Rh3 22.Re4 Rxg3
23.hxg3 Nf4  0-1

[Event "Open"]
[Site "Reykjavik ISL"]
[Date "2009.03.30"]
[Round "7"]
[White "Areshchenko,A"]
[Black "Stefansson,H"]
[Result "1/2-1/2"]
[WhiteElo "2673"]
[BlackElo "2563"]

1.e4 e5 2.Nf3 Nc6 3.Bb5 a6 4.Ba4 Nf6 5.O-O b5 6.Bb3 Bb7 7.d3 Be7 8.Nbd2 O-O
9.Re1 Re8 10.c3 Bf8 11.Nf1 Na5 12.Bc2 d5 13.Qe2 c5 14.Bg5 h6 15.Bh4 d4 16.cxd4 cxd4
17.a3 Qd6 18.Qd2 Nc6 19.Bb3 Bc8 20.Rec1 Bd7 21.Rc2 a5 22.Rac1 a4 23.Bxf6 Qxf6
24.Bd5 Ra6 25.Ng3 b4 26.Bxc6 Bxc6 27.axb4 Rb6 28.Rc4 Bd7 29.Nf5 Reb8 30.Rc7 Bxf5
31.exf5 Qxf5 32.Qe2 Rxb4 33.R7c2 Bd6 34.g3 Rb3 35.Rd1 g6 36.Nh4 Qd7 37.Rdc1 Qb7
38.Rc6 Rxb2 39.Qd1 Qb4 40.Nxg6 Rb1  1/2-1/2

[Event "ArcelorMittal Open"]
[Site "Frydek Mistek CZE"]
[Date "2009.04.09"]
[Round "2"]
[White "Zochowski,P"]
[Black "Motyka,M"]
[Result "0-1"]
[WhiteElo "2066"]
[BlackElo "2394"]

1.e4 e5 2.Nf3 Nc6 3.Bb5 a6 4.Ba4 Nf6 5.O-O b5 6.Bb3 Bb7 7.Ng5 d5 8.exd5 Nd4
9.Re1 Bd6 10.Nf3 O-O 11.d3 Nxd5 12.Bg5 Qd7 13.Nxd4 exd4 14.Nd2 h6 15.Bh4 f5
16.Nf3 g5 17.Bxg5 hxg5 18.Nxg5 Rf6 19.Qh5 Qg7 20.Re6 Rxe6 21.Nxe6 Qh7 22.Qg5+ Kh8
23.Bxd5 Bxd5 24.Re1 Re8 25.Qf6+ Kg8 26.h3 Bxe6 27.Rxe6 Rxe6 28.Qxe6+ Kf8
29.Qc8+ Ke7 30.Qxa6 Qh6 31.g3 Qc1+ 32.Kg2 Qxb2 33.Qc6 b4 34.g4 fxg4 35.hxg4 Qxa2
36.Qe4+ Kd7 37.g5 Qxc2 38.g6 Qc5 39.f4 Bf8 40.f5 Qd6 41.Qg4 Qf6 42.Qe4 c6
43.Qf4 Bd6 44.Qh6 Bf8 45.Qf4 Kc8 46.Qe4 b3 47.Qe8+ Kc7 48.Qa8 Qg5+ 49.Kh1 Qh5+
50.Kg1 Qxf5 51.Qa7+ Kc8 52.Qa8+ Kd7 53.Qb7+ Kd6 54.Qb8+ Ke7 55.Qb7+ Kd6 56.Qb8+ Kc5
57.Qxb3 Qxg6+ 58.Kf1 Qf5+ 59.Ke2 Qg4+ 60.Kf1 Qf4+ 61.Ke1 Bh6 62.Qa3+ Kd5
63.Qb3+ Kd6 64.Qa3+ Kd7 65.Qa7+ Ke6 66.Qa2+ Kf6 67.Qc4 Qc1+  0-1

[Event "XXXVI Open"]
[Site "La Roda ESP"]
[Date "2009.04.09"]
[Round "2"]
[White "Cabrera,Ale"]
[Black "Sanchez Jerez,E"]
[Result "1-0"]
[WhiteElo "2518"]
[BlackElo "2207"]

1.e4 e5 2.Nf3 Nc6 3.Bb5 a6 4.Ba4 Nf6 5.O-O b5 6.Bb3 Bb7 7.d3 Bc5 8.a4 O-O
9.Nc3 b4 10.Nd5 h6 11.c3 Re8 12.cxb4 Nxb4 13.Nxb4 Bxb4 14.Bxf7+ Kxf7 15.Qb3+ d5
16.Qxb4 Rb8 17.Qc3 Qd6 18.exd5 Bxd5 19.Nd2 e4 20.d4 Rec8 21.Nc4 Qe6 22.Ne5+ Kg8
23.b4 Rb6 24.Bd2 Ng4 25.Nxg4 Qxg4 26.Qg3 Qd7 27.Ra3 Qf7 28.Qh3 Rf8 29.Qh4 Rf6
30.Be3 Rg6 31.Kh1 Bc4 32.Rg1 Qd5 33.Rc3 Rf5 34.Rgc1 Be2 35.Rxc7 Rff6 36.R7c5 Qb7
37.d5 Rg4 38.Qxf6 gxf6 39.Rc8+ Kf7 40.R1c7+ Qxc7 41.Rxc7+ Ke8 42.d6 Bf1 43.Re7+ Kf8
44.Bxh6+  1-0